000 00735nam a2200205 a 4500
999 _c2726
_d2726
001 2726
003 BD-JhCC
005 20171107130616.0
008 171106b1969 bg ||||| |||| 00| 0 ben d
035 _a(BD-JhCC)
040 _aBD-JhCC
_dBD-JhCC
041 _aben
082 _a891.443
_bRAS 1969
100 _aরাশীদ, সামস্
245 _aউপল উপকূলে /
_cসামস্ রাশীদ
260 _aঢাকা:
_bমডার্ণ টাইপ ফাউন্ডার্স, প্রিন্টার্স এন্ড পাবলিশার্স লিমিটেড ;
_c১৯৬৯
300 _a৩৩৯ পৃ.;
_c২২ সেমি
650 _aBengali novel
942 _2ddc
_cBK